[Event "Titled Tuesday intern op 09th Jan Early"]
[Site "Chess.com INT"]
[Date "2024.01.09"]
[Round "5"]
[White "Sultanbek, Zeinep"]
[Black "Batsiashvili, Nino"]
[Result "0-1"]
[WhiteElo "2040"]
[BlackElo "2451"]
[PlyCount "84"]
[EventDate "2024.01.09"]
[EventType "swiss (blitz)"]
[EventRounds "11"]
[EventCountry "USA"]
[SourceTitle "CB03_2024"]
[SourceDate "2024.01.17"]
[SourceVersion "1"]
[SourceVersionDate "2024.01.17"]
[SourceQuality "1"]

1. d4 g6 2. c4 Bg7 3. Nc3 f5 4. Nf3 Nf6 5. g3 0-0 6. Bg2 d6 7. 0-0 c6 8. Re1 Qc7 9. b3 e5 10. dxe5 dxe5 11. e4 f4 12. Ba3 Rd8 13. Qc2 Bg4 14. Rad1 Na6 15. Rxd8+ Rxd8 16. Rd1 Re8 17. Bd6 Qc8 18. Rd2 Nh5 19. b4 Nc7 20. Qb3 h6 21. h3 Bxf3 22. Bxf3 fxg3 23. Bxh5 gxh5 24. fxg3 Ne6 25. c5 Kh7 26. h4 Nd4 27. Qd1 Qh3 28. Rg2 Qg4 29. Qxg4 hxg4 30. Rf2 Nf3+ 31. Kg2 h5 32. Nd1 Kg6 33. Ne3 Nd4 34. Nf5 Bf6 35. Nxd4 exd4 36. Re2 Be5 37. Bxe5 Rxe5 38. Kf2 Kf6 39. Ke1 Re7 40. Kd2 Ke5 41. Kd3 Rf7 42. Rf2 Rxf2 0-1

[Event "KAZ-ch (Women)"]
[Site "Astana"]
[Date "2023.12.18"]
[Round "5"]
[White "Kurmangaliyeva, Liya"]
[Black "Sultanbek, Zeinep"]
[Result "1/2-1/2"]
[WhiteElo "2261"]
[BlackElo "2008"]
[PlyCount "81"]
[EventDate "2023.12.13"]
[EventType "tourn"]
[EventRounds "9"]
[EventCountry "KAZ"]
[SourceTitle "CB52_2023"]
[SourceDate "2023.12.27"]
[SourceVersion "1"]
[SourceVersionDate "2023.12.27"]
[SourceQuality "1"]

1. e4 c5 2. Nf3 d6 3. d4 cxd4 4. Nxd4 Nf6 5. Nc3 a6 6. Rg1 e5 7. Nb3 Be6 8. g4 d5 9. exd5 Nxd5 10. Nxd5 Qxd5 11. Qxd5 Bxd5 12. Be3 Nc6 13. 0-0-0 0-0-0 14. Bb6 Rd6 15. Rg3 Be6 16. Nc5 Rxd1+ 17. Kxd1 Bxc5 18. Bxc5 Rd8+ 19. Kc1 Kc7 20. b3 Rd5 21. Be3 Nd4 22. c3 Nc6 23. g5 Bf5 24. Bh3 Bg6 25. Bg4 f5 26. gxf6 gxf6 27. Rf3 Rd3 28. Rxf6 Rxc3+ 29. Kd1 Nd4 30. Bd2 Rc6 31. Rf8 Bb1 32. Rf7+ Kb8 33. b4 Rg6 34. Kc1 Bxa2 35. Rf8+ Ka7 36. h3 Rc6+ 37. Kd1 Bb3+ 38. Ke1 Kb6 39. Re8 Be6 40. Be3 Bxg4 41. Rxe5 1/2-1/2

[Event "Western Asia-ch U20 Girls"]
[Site "Colombo"]
[Date "2023.12.03"]
[Round "7"]
[White "Bhagyashree, Patil"]
[Black "Sultanbek, Zeinep"]
[Result "1/2-1/2"]
[WhiteElo "1830"]
[BlackElo "2008"]
[PlyCount "23"]
[EventDate "2023.11.30"]
[EventType "swiss"]
[EventRounds "9"]
[EventCountry "SRI"]
[SourceTitle "CB50_2023"]
[SourceDate "2023.12.13"]
[SourceVersion "1"]
[SourceVersionDate "2023.12.13"]
[SourceQuality "1"]

1. d4 Nf6 2. Nf3 g6 3. c4 Bg7 4. Nc3 0-0 5. e4 c6 6. d5 cxd5 7. exd5 Re8 8. Be2 Rf8 9. Bf1 Re8 10. Be2 Rf8 11. Bf1 Re8 12. Ng1 1/2-1/2

[Event "Titled Tuesday intern op 24th Oct Late"]
[Site "Chess.com INT"]
[Date "2023.10.24"]
[Round "11"]
[White "Garcia Alvarez, Diego"]
[Black "Sultanbek, Zeinep"]
[Result "0-1"]
[WhiteElo "2190"]
[BlackElo "1969"]
[PlyCount "86"]
[EventDate "2023.10.24"]
[EventType "swiss (blitz)"]
[EventRounds "11"]
[EventCountry "USA"]
[SourceTitle "Mega2024 Update 01"]
[Source "Chessbase"]
[SourceDate "2023.11.12"]
[SourceVersion "1"]
[SourceVersionDate "2023.11.12"]
[SourceQuality "1"]

1. d4 d5 2. c4 e6 3. Nf3 Nf6 4. Nc3 c6 5. cxd5 exd5 6. Bg5 Be7 7. Qc2 g6 8. e3 Bf5 9. Bd3 Bxd3 10. Qxd3 Nbd7 11. 0-0 0-0 12. Rab1 Ne4 13. Bh6 Re8 14. Nxe4 Bf8 15. Bxf8 dxe4 16. Qd1 exf3 17. Bh6 g5 18. Qxf3 Re6 19. d5 Rxh6 20. dxc6 Qc7 21. g3 Qxc6 22. Qf5 Rg6 23. Rfd1 Nc5 24. Rbc1 b6 25. b4 Qe6 26. Qf3 Ne4 27. b5 Rf6 28. Qh5 Rxf2 29. Rd4 Rxa2 30. Rcd1 Qg6 31. Qf3 Re8 32. Rd8 Rxd8 33. Rxd8+ Kg7 34. Rd4 Nf6 35. Rd6 Ra1+ 36. Kg2 Qc2+ 37. Kh3 g4+ 38. Qxg4+ Nxg4 39. Kxg4 Qe2+ 40. Kf4 Rf1+ 41. Ke5 Qxb5+ 42. Rd5 Rf5+ 43. Kd6 Qxd5+ 0-1

[Event "Wch U20 Girls Blitz"]
[Site "Pula"]
[Date "2023.10.14"]
[Round "2"]
[White "Balabayeva, Kseniya"]
[Black "Sultanbek, Zeinep"]
[Result "1-0"]
[WhiteElo "2192"]
[BlackElo "1969"]
[PlyCount "89"]
[EventDate "2023.10.14"]
[EventType "swiss (blitz)"]
[EventRounds "11"]
[EventCountry "ITA"]
[SourceTitle "Mega2024 Update 01"]
[Source "Chessbase"]
[SourceDate "2023.11.12"]
[SourceVersion "1"]
[SourceVersionDate "2023.11.12"]
[SourceQuality "1"]

1. e4 c5 2. Nf3 d6 3. Bb5+ Nd7 4. 0-0 a6 5. Bxd7+ Bxd7 6. c3 Nf6 7. Re1 Bc6 8. e5 dxe5 9. Nxe5 Qd5 10. Nxc6 Qxc6 11. d4 e6 12. Be3 Be7 13. Nd2 0-0 14. Qf3 Qxf3 15. Nxf3 Nd5 16. dxc5 Nxe3 17. Rxe3 Bxc5 18. Re5 Bd6 19. Re4 Rfd8 20. Kf1 Bc5 21. b4 Bb6 22. Ke2 Rd7 23. c4 Rad8 24. c5 Bc7 25. Rc1 Kf8 26. c6 bxc6 27. Rxc6 a5 28. b5 Rb8 29. a4 Ke7 30. Rec4 Bb6 31. Ne5 Rd5 32. f4 Bg1 33. Rc7+ Kf8 34. Rxf7+ Kg8 35. Rcc7 Rxe5+ 36. fxe5 Rd8 37. Rxg7+ Kh8 38. Rxh7+ Kg8 39. Rcg7+ Kf8 40. Rh8+ Kxg7 41. Rxd8 Kg6 42. Rd6 Kf5 43. b6 Kxe5 44. b7 Ba7 45. Rd8 1-0

[Event "Wch U20 Girls 39th"]
[Site "Mexico City"]
[Date "2023.09.27"]
[Round "7"]
[White "Zhang, Xiao"]
[Black "Sultanbek, Zeinep"]
[Result "0-1"]
[WhiteElo "2128"]
[BlackElo "2022"]
[PlyCount "132"]
[EventDate "2023.09.21"]
[EventType "swiss"]
[EventRounds "11"]
[EventCountry "MEX"]
[SourceTitle "EXT 2024"]
[Source "ChessBase"]
[SourceDate "2023.10.10"]
[SourceVersion "1"]
[SourceVersionDate "2023.10.10"]
[SourceQuality "1"]

1. d4 Nf6 2. c4 g6 3. Nc3 Bg7 4. e4 0-0 5. Be2 c6 6. e5 Ne8 7. Nf3 d6 8. exd6 Nxd6 9. 0-0 Bg4 10. Ne5 Bxe2 11. Qxe2 Nf5 12. d5 cxd5 13. cxd5 Nd7 14. Bf4 Rc8 15. Rfe1 Nxe5 16. Bxe5 Bxe5 17. Qxe5 Qc7 18. g4 Nh4 19. Qxc7 Rxc7 20. Re3 f5 21. Rae1 Rc4 22. Kf1 fxg4 23. Rxe7 Rcf4 24. R1e2 Nf5 25. R7e4 Rxe4 26. Nxe4 h5 27. Rd2 b6 28. Kg2 Nh4+ 29. Kg3 Nf5+ 30. Kg2 Nh4+ 31. Kf1 Nf5 32. Rd3 Kg7 33. Rc3 Kh6 34. Rc7 Ne3+ 35. Ke2 Nxd5 36. Rxa7 Re8 37. Kd3 Nb4+ 38. Ke3 Nc2+ 39. Kf4 Rf8+ 40. Ke5 Re8+ 41. Kf4 Rf8+ 42. Kg3 Ne1 43. Ra3 Rf5 44. Re3 Nc2 45. Rb3 Ne1 46. Nd6 Rf6 47. Ne4 Rf5 48. Rc3 g5 49. Re3 Nc2 50. Re2 Nb4 51. a3 Nd3 52. Rd2 Ne1 53. Rd6+ Kg7 54. Nd2 Rf4 55. h4 gxh3 56. f3 h4+ 57. Kxh3 Nxf3 58. Nxf3 Rxf3+ 59. Kg4 Rg3+ 60. Kf5 h3 61. Rg6+ Kh7 62. Rxb6 h2 63. Rb7+ Kh6 64. Rb8 Rf3+ 65. Ke6 Kg7 66. Rb7+ Kg6 0-1

[Event "Titled Tuesday intern op 26th Sep Late"]
[Site "Chess.com INT"]
[Date "2023.09.26"]
[Round "4"]
[White "Baziuk, Vladyslav"]
[Black "Sultanbek, Zeinep"]
[Result "1-0"]
[WhiteElo "2211"]
[BlackElo "2022"]
[PlyCount "75"]
[EventDate "2023.09.26"]
[EventType "swiss (blitz)"]
[EventRounds "11"]
[EventCountry "USA"]
[SourceTitle "EXT 2024"]
[Source "ChessBase"]
[SourceDate "2023.10.10"]
[SourceVersion "1"]
[SourceVersionDate "2023.10.10"]
[SourceQuality "1"]

1. e4 c5 2. Nf3 d6 3. d4 cxd4 4. Nxd4 Nf6 5. Nc3 g6 6. f3 Bg7 7. Be3 Nc6 8. Qd2 0-0 9. 0-0-0 d5 10. Qe1 e5 11. Nxc6 bxc6 12. exd5 Nxd5 13. Bc4 Be6 14. Kb1 Rb8 15. Bb3 a5 16. Bc5 Re8 17. Ne4 a4 18. Bxa4 f5 19. Nd6 Rxb2+ 20. Kxb2 Qb8+ 21. Bb3 e4+ 22. Kc1 Bh6+ 23. Kb1 Bg7 24. Nxe8 Nc3+ 25. Kc1 Nxa2+ 26. Bxa2 Qb2+ 27. Kd2 Bc3+ 28. Ke2 Bxa2 29. Rd2 Qb5+ 30. Kf2 Qxc5+ 31. Qe3 Qxe3+ 32. Kxe3 f4+ 33. Ke2 Bc4+ 34. Kd1 e3 35. Rd3 Bxd3 36. cxd3 Kf7 37. Nd6+ Ke6 38. Ne4 1-0

[Event "Titled Tuesday intern op 19th Sep Early"]
[Site "Chess.com INT"]
[Date "2023.09.19"]
[Round "4"]
[White "Bazilius, Augustinas"]
[Black "Sultanbek, Zeinep"]
[Result "1/2-1/2"]
[WhiteElo "2097"]
[BlackElo "2022"]
[PlyCount "211"]
[EventDate "2023.09.19"]
[EventType "swiss (blitz)"]
[EventRounds "11"]
[EventCountry "USA"]
[SourceTitle "EXT 2024"]
[Source "ChessBase"]
[SourceDate "2023.10.10"]
[SourceVersion "1"]
[SourceVersionDate "2023.10.10"]
[SourceQuality "1"]

1. d4 d5 2. c4 e6 3. Nf3 Nf6 4. g3 Bb4+ 5. Bd2 Be7 6. Bg2 0-0 7. 0-0 Nbd7 8. Qc2 c6 9. Rd1 b6 10. Bf4 Ba6 11. Ne5 Nxe5 12. dxe5 Nd7 13. cxd5 cxd5 14. e4 Rc8 15. Nc3 dxe4 16. Qa4 Bd3 17. Nxe4 Bc2 18. Qxd7 Bxd1 19. Rxd1 Qxd7 20. Rxd7 Rfe8 21. Nd6 Bxd6 22. exd6 e5 23. Be3 Rcd8 24. Rxa7 Rxd6 25. b4 f5 26. Bf1 f4 27. gxf4 exf4 28. Bxf4 Rd4 29. Be3 Rxb4 30. Rb7 Re6 31. a3 Rg6+ 32. Kh1 Rb1 33. Rb8+ Kf7 34. Rb7+ Ke8 35. Rb8+ Kd7 36. h4 Rxf1+ 37. Kh2 Kc7 38. Rh8 h5 39. Rxh5 Ra1 40. Rb5 Rxa3 41. h5 Re6 42. Bd4 Re4 43. Bxb6+ Kc6 44. Rb1 Rh4+ 45. Kg2 Rxh5 46. Be3 Rf5 47. Rc1+ Kd6 48. Rb1 Kd5 49. Rb5+ Ke4 50. Rb7 g5 51. Re7+ Re5 52. Rg7 Rxe3 53. fxe3 Kxe3 54. Kg3 Ke4 55. Kg4 Ke3 56. Rg8 Ke4 57. Rg6 Ke3 58. Ra6 Re4+ 59. Kxg5 Re5+ 60. Kf6 Re4 61. Ra3+ Kf4 62. Kg6 Re3 63. Ra4+ Kf3 64. Ra1 Re2 65. Rh1 Ke3 66. Rh3+ Kd2 67. Ra3 Re3 68. Ra2+ Kd3 69. Kf5 Rf3+ 70. Ke5 Re3+ 71. Kd5 Rf3 72. Ra3+ Ke2 73. Ra4 Ke3 74. Ke5 Rf8 75. Ra3+ Kd2 76. Kd4 Rd8+ 77. Ke4 Re8+ 78. Kd5 Rd8+ 79. Ke6 Re8+ 80. Kd7 Re3 81. Ra6 Kd3 82. Kd6 Re4 83. Kc5 Rc4+ 84. Kb5 Rf4 85. Ra3+ Ke4 86. Ra4+ Kf5 87. Ra8 Kg4 88. Rg8+ Kf3 89. Rc8 Rf5+ 90. Kb4 Rf4+ 91. Kb3 Kg4 92. Rc1 Rf3+ 93. Kc4 Rf4+ 94. Kd3 Rf3+ 95. Ke4 Rf4+ 96. Ke5 Rf5+ 97. Ke6 Rf2 98. Rg1+ Kf3 99. Ke5 Re2+ 100. Kf5 Ra2 101. Re1 Ra5+ 102. Kf6 Ra6+ 103. Kf5 Ra5+ 104. Kf6 Ra6+ 105. Re6 Rxe6+ 106. Kxe6 1/2-1/2

[Event "Titled Tuesday intern op 19th Sep Early"]
[Site "Chess.com INT"]
[Date "2023.09.19"]
[Round "3"]
[White "Olsson, William"]
[Black "Sultanbek, Zeinep"]
[Result "1-0"]
[WhiteElo "2376"]
[BlackElo "2022"]
[PlyCount "93"]
[EventDate "2023.09.19"]
[EventType "swiss (blitz)"]
[EventRounds "11"]
[EventCountry "USA"]
[SourceTitle "EXT 2024"]
[Source "ChessBase"]
[SourceDate "2023.10.10"]
[SourceVersion "1"]
[SourceVersionDate "2023.10.10"]
[SourceQuality "1"]

1. c4 e6 2. g3 d5 3. Bg2 Nf6 4. Nf3 Be7 5. 0-0 0-0 6. d4 Nbd7 7. Qc2 c6 8. Rd1 b6 9. Nc3 dxc4 10. e4 Bb7 11. Bg5 h6 12. Bxf6 Nxf6 13. Ne5 b5 14. d5 exd5 15. exd5 Nxd5 16. Nxc6 Bxc6 17. Nxd5 Rc8 18. Nf6+ Bxf6 19. Rxd8 Rfxd8 20. Bxc6 Rxc6 21. Re1 Rcd6 22. Re2 a5 23. a4 bxa4 24. Qxa4 Rd2 25. Qxc4 Rxb2 26. Rxb2 Bxb2 27. Qc7 Bf6 28. Qxa5 g6 29. Kg2 Kg7 30. h4 h5 31. f4 Rd3 32. Qb5 Ra3 33. Qc5 Ra2+ 34. Kh3 Rd2 35. f5 Bd4 36. Qd5 Bc3 37. Qc4 Be5 38. fxg6 Kxg6 39. Qe4+ Kf6 40. Qf3+ Ke6 41. Qxh5 Rd3 42. Qg4+ Ke7 43. Qg5+ f6 44. Qg7+ Ke6 45. Qg8+ Ke7 46. Qh7+ Ke6 47. Qxd3 1-0

[Event "Titled Tuesday intern op 19th Sep Early"]
[Site "Chess.com INT"]
[Date "2023.09.19"]
[Round "9"]
[White "Sultanbek, Zeinep"]
[Black "Marcziter, Dmitrii"]
[Result "1-0"]
[WhiteElo "2022"]
[BlackElo "2236"]
[PlyCount "116"]
[EventDate "2023.09.19"]
[EventType "swiss (blitz)"]
[EventRounds "11"]
[EventCountry "USA"]
[SourceTitle "EXT 2024"]
[Source "ChessBase"]
[SourceDate "2023.10.10"]
[SourceVersion "1"]
[SourceVersionDate "2023.10.10"]
[SourceQuality "1"]

1. d4 d5 2. c4 e6 3. Nf3 c5 4. cxd5 exd5 5. g3 Nc6 6. Bg2 Nf6 7. 0-0 Be7 8. Nc3 0-0 9. b3 Ne4 10. Bb2 Bf6 11. Na4 b6 12. Rc1 Re8 13. dxc5 Bxb2 14. Nxb2 bxc5 15. Nd2 Qf6 16. Nxe4 dxe4 17. Rxc5 Qxb2 18. Rxc6 Qxa2 19. Bxe4 Bh3 20. Rc2 Qxb3 21. Bxa8 Bxf1 22. Kxf1 a5 23. Bd5 Qb4 24. Rc7 Rf8 25. Qb3 Qd6 26. Rxf7 Rxf7 27. Bxf7+ Kf8 28. Bg8 Qf6 29. Bxh7 g6 30. Qa3+ Kg7 31. Bxg6 Kxg6 32. Qxa5 Qd4 33. Qe1 Kh6 34. e4 Qe5 35. Qe3+ Kh7 36. Kg2 Kg7 37. f4 Qb2+ 38. Kh3 Qb1 39. e5 Qf1+ 40. Kh4 Qg2 41. h3 Qc6 42. f5 Qa4+ 43. Qf4 Qe8 44. Qg5+ Kh8 45. Qh5+ Qxh5+ 46. Kxh5 Kg7 47. e6 Kf6 48. g4 Ke7 49. Kg6 Kf8 50. f6 Ke8 51. f7+ Ke7 52. Kg7 Kxe6 53. f8Q Ke5 54. h4 Ke4 55. h5 Ke3 56. h6 Ke2 57. h7 Kd3 58. h8Q Ke4 1-0